000 00302nam a22001097a 4500
008 170125b xxu||||| |||| 00| 0 eng d
020 _a9781577540885
041 _aeng
080 _21ST
_a618.2
245 _aTHE OFFICIAL GUIDE TO THE MCAT EXAM
_cASSOCIATIONS OF AMERICAN MEDICAL COLLEGES
942 _2udc
_cBK
999 _c3595
_d3595